[Event "Sufe Cup"]
[Site "Shanghai"]
[Date "2000.03.13"]
[Round "11"]
[White "Zhang Zhong"]
[Black "Aung Aung"]
[Result "1/2-1/2"]
[WhiteElo "2611"]
[BlackElo "2595"]
[PlyCount "161"]
[EventDate "2000.03.03"]
[Source "ChessBase"]
[SourceDate "2000.05.31"]

1. e4 e5 2. Nc3 Nc6 3. g3 g6 4. Bg2 Bg7 5. Nge2 Nge7 6. f4 d6 7. fxe5 dxe5 8. d3 Be6 9. Be3 Qd7 10. Qd2 Nd4 11. h3 h5 12. Nd1 O-O-O 13. Nf2 Kb8 14. h4 Ng8 15. Nc1 Bh6 16. Bxh6 Nxh6 17. c3 Nc6 18. Nb3 Qd6 19. O-O f6 20. Rad1 Rdg8 21. Nh1 Ng4 22. Nc1 g5 23. hxg5 Rxg5 24. d4 h4 25. Rxf6 Rgg8 26. Rf3 h3 27. Bf1 h2+ 28. Kg2 Qe7 29. Nd3 Qh7 30. Ndf2 Nxf2 31. Kxf2 Bg4 32. Bg2 Rf8 33. Qe2 Bxf3 34. Bxf3 Rf6 35. d5 Ne7 36. Ke1 Rhf8 37. Bg2 Ng6 38. Rd3 Nh8 39. c4 Qe7 40. Rc3 Qc5 41. Qe3 Qb4 42. Qd2 Nf7 43. a3 Qc5 44. Qe3 Qd4 45. Ke2 Qxe3+ 46. Rxe3 Ng5 47. c5 a5 48. Rc3 Ka7 49. a4 Kb8 50. Rd3 Kc8 51. Rb3 b6 52. c6 Kd8 53. Rd3 Ke7 54. Re3 Kd6 55. Rc3 R8f7 56. Re3 Kc5 57. Rd3 Kb4 58. b3 Ka3 59. Re3 Kb4 60. Rd3 Rf8 61. Re3 b5 62. axb5 Kxb5 63. Rc3 Kb4 64. Rd3 a4 65. bxa4 Kxa4 66. Rc3 Kb4 67. Rd3 Kc5 68. Rc3+ Kd6 69. Rd3 Ra8 70. Rd1 Rff8 71. Rd2 Ra1 72. Rd1 Ra2+ 73. Rd2 Rxd2+ 74. Kxd2 Ra8 75. Ke2 Ra1 76. Kf2 Rc1 77. g4 Nh3+ 78. Kg3 Nf4 79. Bf3 Rc2 80. g5 Ke7 81. Kg4 1/2-1/2

[Event "St Martin Open"]
[Site "St Martin"]
[Date "1992.??.??"]
[Round "7"]
[White "Arnason, Jon L"]
[Black "Ivanov, Alexander"]
[Result "1/2-1/2"]
[WhiteElo "2515"]
[BlackElo "2555"]
[PlyCount "104"]
[EventDate "1992.??.??"]
[Source "www.chesslib.no"]
[SourceDate "2004.05.04"]

1. e4 e5 2. Nc3 Nc6 3. f4 exf4 4. Nf3 g5 5. d4 Bg7 6. d5 Ne5 7. d6 Nxf3+ 8. Qxf3 cxd6 9. h4 h6 10. Bc4 Ne7 11. g3 d5 12. Nxd5 Nxd5 13. Bxd5 d6 14. hxg5 hxg5 15. Rxh8+ Bxh8 16. Qh5 Qf6 17. gxf4 gxf4 18. Bxf7+ Ke7 19. Bd5 Be6 20. Qh7+ Qg7 21. Qxg7+ Bxg7 22. Bxf4 Bxd5 23. exd5 Bxb2 24. Rb1 Bc3+ 25. Kf2 b6 26. Rh1 Rf8 27. Rh7+ Rf7 28. Rxf7+ Kxf7 29. Bxd6 b5 30. Ke3 Ke8 31. Kd3 Be1 32. Be5 Kd7 33. Bc3 Bg3 34. Bb4 a6 35. Bc5 Bf4 36. Kc3 Bg3 37. Kb3 Be1 38. c3 Bd2 39. Kb4 Kc8 40. Ka5 Kb7 41. Bd4 Bf4 42. a4 Bc7+ 43. Kb4 Bd6+ 44. Bc5 Be5 45. Be7 Kb6 46. Bf8 Kc7 47. Kb3 Kb6 48. Bb4 Kc7 49. Bc5 Kb7 50. Kb4 Kc7 51. Kb3 Kd7 52. Kb4 Kc7 1/2-1/2

[Event "Philadelphia"]
[Site "?"]
[Date "1990.??.??"]
[Round "?"]
[White "Hellers, F."]
[Black "Ivanov, Alexa"]
[Result "1-0"]
[WhiteElo "2525"]
[BlackElo "2520"]
[PlyCount "59"]
[EventDate "1990.??.??"]
[Source "ChessBase"]
[SourceDate "1990.07.01"]

1. e4 e5 2. Nc3 Nc6 3. f4 exf4 4. Nf3 g5 5. d4 d6 6. h4 g4 7. Ng1 f3 8. Be3 fxg2 9. Bxg2 Be7 10. Bf2 Nf6 11. Nge2 g3 12. Bxg3 Rg8 13. Bf3 Bg4 14. Bxg4 Rxg4 15. Qd3 Qd7 16. O-O-O O-O-O 17. Qf3 d5 18. exd5 Nb4 19. d6 Bxd6 20. Bxd6 Qxd6 21. a3 Nc6 22. Rhf1 Rg6 23. h5 Rh6 24. Nb5 Qd5 25. Qf4 Qxb5 26. Qxh6 Ng4 27. Qd2 Qxh5 28. Ng3 Qd5 29. Kb1 Qxd4 30. Qxd4 1-0

[Event "Budapest FS03 GM"]
[Site "Budapest"]
[Date "1996.??.??"]
[Round "4"]
[White "Kogan, Artur"]
[Black "Gyimesi, Zoltan"]
[Result "1-0"]
[WhiteElo "2485"]
[BlackElo "2545"]
[PlyCount "61"]
[EventDate "1996.03.??"]
[Source "ChessBase"]

1. e4 e5 2. Nc3 Nc6 3. f4 exf4 4. Nf3 g5 5. h4 g4 6. Ng5 h6 7. Nxf7 Kxf7 8. d4 Nf6 9. Bxf4 Bb4 10. Be2 d5 11. O-O Bxc3 12. bxc3 Kg7 13. c4 Nxe4 14. cxd5 Qxh4 15. dxc6 g3 16. Be5+ Kg6 17. Bh5+ Qxh5 18. Qxh5+ Kxh5 19. Bxh8 bxc6 20. Rf8 Bb7 21. Rxa8 Bxa8 22. c4 c5 23. d5 Nd6 24. Rc1 c6 25. Be5 Nf7 26. d6 Nxe5 27. Re1 Nf7 28. d7 Bb7 29. Re7 Nd8 30. Re8 Nf7 31. Rf8 1-0

[Event "London"]
[Site "?"]
[Date "1992.??.??"]
[Round "?"]
[White "Martin, A."]
[Black "Adams, M."]
[Result "1-0"]
[WhiteElo "2420"]
[BlackElo "2610"]
[PlyCount "73"]
[EventDate "1992.??.??"]
[Source "ChessBase"]
[SourceDate "1992.10.01"]

1. e4 e5 2. Nc3 Nc6 3. f4 exf4 4. d4 Qh4+ 5. Ke2 b6 6. Nb5 Ba6 7. a4 O-O-O 8. Nf3 Qe7 9. Kf2 Bb7 10. Bxf4 Qxe4 11. Qd2 Nf6 12. Bd3 Qd5 13. Rhe1 d6 14. a5 Qh5 15. axb6 axb6 16. c4 Be7 17. Kg1 Rhe8 18. d5 Ne5 19. Nfd4 Kb8 20. Be2 Nxc4 21. Bxh5 Nxd2 22. Bxf7 Nde4 23. Bxe8 Rxe8 24. Nc6+ Kc8 25. Rac1 Bf8 26. Nb4 Nc5 27. Rxe8+ Nxe8 28. Bg5 Nf6 29. Bxf6 gxf6 30. Re1 Kd7 31. Nd4 Na4 32. Nbc6 Nxb2 33. Nb8+ Kd8 34. Ne6+ Kc8 35. Nc6 Bh6 36. Nc5 dxc5 37. Re8+ 1-0

[Event "Paris FRA"]
[Site "?"]
[Date "1983.??.??"]
[Round "4"]
[White "Spassky Boris V"]
[Black "Haik Aldo"]
[Result "1-0"]
[WhiteElo "2605"]
[BlackElo "2400"]
[PlyCount "65"]
[EventDate "1983.??.??"]
[Source "www.chesslib.no"]
[SourceDate "2004.05.04"]

1. e4 e5 2. Nc3 Nc6 3. f4 Bc5 4. Nf3 d6 5. Bb5 Bd7 6. d3 Nf6 7. Na4 Nd4 8. Nxc5 dxc5 9. Nxd4 exd4 10. Bxd7+ Nxd7 11. O-O Qe7 12. Bd2 O-O 13. Qf3 Rab8 14. Rae1 f6 15. b3 b5 16. h4 c4 17. h5 c5 18. Qg3 cxd3 19. cxd3 c4 20. h6 Nc5 21. dxc4 bxc4 22. bxc4 g6 23. f5 Rb2 24. Bc1 Rxa2 25. e5 fxe5 26. fxg6 Rxf1+ 27. Rxf1 Ne4 28. Qg4 Nd6 29. g7 Rf2 30. Rxf2 Nf7 31. Rxf7 Qc5 32. Qe6 Qxc4 33. Qe8# 1-0

[Event "Bacolod"]
[Site "Bacolod"]
[Date "1991.??.??"]
[Round "3"]
[White "Donguines, Fernie"]
[Black "Torre, Eugenio"]
[Result "1/2-1/2"]
[WhiteElo "2435"]
[BlackElo "2535"]
[PlyCount "103"]
[EventDate "1991.06.??"]
[Source "ChessBase"]

1. e4 e5 2. Nc3 Nc6 3. g3 h5 4. d3 h4 5. Be3 hxg3 6. fxg3 Nf6 7. Bg2 Bb4 8. Bg5 Nd4 9. a3 Be7 10. Be3 Bc5 11. Bf2 d6 12. h3 Ne6 13. Qd2 c6 14. Bxc5 dxc5 15. O-O-O Qd6 16. Nf3 Bd7 17. Rdf1 O-O-O 18. Nd1 Nh5 19. Qe1 f6 20. Ne3 Nd4 21. Ng1 Kb8 22. Bf3 Be8 23. Bd1 Bf7 24. Rh2 Qe6 25. Nc4 Qe7 26. Bg4 Bxc4 27. dxc4 g6 28. Qf2 Rd6 29. Qe3 Ng7 30. Rhf2 Rhd8 31. Bd1 Qd7 32. Qe1 Ne8 33. c3 Ne6 34. Bg4 Qf7 35. Nf3 Qg8 36. Qe2 N6c7 37. Kc2 a5 38. a4 Qh7 39. h4 Qh6 40. Re1 b6 41. Qe3 Qh7 42. Ref1 Ng7 43. Ne1 Nce8 44. Be2 Nh5 45. Nd3 Nhg7 46. Rb1 Ne6 47. Rbf1 Qd7 48. Rb1 Qh7 49. Rbf1 Qg8 50. b3 Qh7 51. Rd1 Qg7 52. Rdf1 1/2-1/2

[Event "Ljubljana"]
[Site "Ljubljana"]
[Date "1975.??.??"]
[Round "?"]
[White "Barle, Janez"]
[Black "Portisch, Lajos"]
[Result "1/2-1/2"]
[WhiteElo "2330"]
[BlackElo "2635"]
[PlyCount "24"]
[EventDate "1975.??.??"]
[Source "www.chesslib.no"]
[SourceDate "2004.05.04"]

1. e4 e5 2. Nc3 Nc6 3. f4 exf4 4. d4 Qh4+ 5. Ke2 d6 6. Nf3 Bg4 7. Bxf4 O-O-O 8. Ke3 Qh5 9. Be2 g5 10. Nxg5 Nf6 11. h3 Bxe2 12. Qxe2 Qg6 1/2-1/2

[Event "ch"]
[Site "ch Budapest"]
[Date "1995.??.??"]
[Round "11"]
[White "Varga, Zoltan"]
[Black "Gyimesi, Zoltan"]
[Result "0-1"]
[WhiteElo "2460"]
[BlackElo "2500"]
[PlyCount "100"]
[EventDate "1995.??.??"]
[Source "www.chesslib.no"]
[SourceDate "2004.05.04"]

1. e4 e5 2. Nc3 Nc6 3. f4 exf4 4. d4 Qh4+ 5. Ke2 d6 6. Nf3 Bg4 7. Bxf4 O-O-O 8. Bg3 Qf6 9. d5 Ne5 10. Kf2 h5 11. h3 Bxf3 12. gxf3 h4 13. Bh2 g6 14. Nb5 a6 15. Nd4 Bh6 16. b4 Bf4 17. Rb1 Qg5 18. Bxf4 Qxf4 19. Qc1 Qg3+ 20. Ke2 Nf6 21. Rb3 Rhe8 22. Kd1 Nxd5 23. exd5 Ng4 24. Be2 Nf2+ 25. Kd2 Nxh1 26. Qxh1 Qf4+ 27. Kc3 Rxe2 28. Nxe2 Qe3+ 29. Kb2 Qxe2 30. Rd3 Qe5+ 31. Kb3 Qg3 32. Re3 Qg5 33. Rd3 Re8 34. Qf1 Qg3 35. Rc3 Qf4 36. Qg1 Kb8 37. Qg4 Qe5 38. Qxh4 Qxd5+ 39. Kb2 Qe5 40. Qc4 Re7 41. Ka3 c6 42. Qc5 Qe4 43. Qh5 Kc7 44. Kb2 Qe6 45. Qxg6 Rd7 46. Qg3 Kb8 47. a3 Qe4 48. Qf2 Kc7 49. Qh4 b5 50. Rc4 Kb7 0-1

[Event "Doha"]
[Site "Doha QAT"]
[Date "1993.??.??"]
[Round "5"]
[White "Al-Modiahki, Mohamad"]
[Black "Kuzmin, Alexey"]
[Result "1-0"]
[WhiteElo "2405"]
[BlackElo "2555"]
[PlyCount "89"]
[EventDate "1993.08.??"]
[Source "www.chesslib.no"]
[SourceDate "2004.05.04"]

1. e4 e5 2. Nc3 Nc6 3. f4 exf4 4. d4 Qh4+ 5. Ke2 d6 6. Nf3 Bg4 7. Bxf4 O-O-O 8. Qd2 Qh5 9. Kf2 f5 10. Be2 fxe4 11. Nxe4 Qd5 12. Neg5 Nf6 13. c4 Qf5 14. Bd3 Qd7 15. d5 Bxf3 16. gxf3 Ne5 17. Ne6 Nxd3+ 18. Qxd3 Re8 19. Qf5 Kb8 20. Rhg1 Qf7 21. Rae1 g6 22. Ng5 gxf5 23. Nxf7 Rxe1 24. Rxe1 Rg8 25. Re6 Bg7 26. Bh6 Bxh6 27. Nxh6 Rf8 28. Nxf5 b5 29. b3 bxc4 30. bxc4 Nxd5 31. Nxd6 Nb6 32. c5 cxd6 33. cxb6 axb6 34. Rxd6 Kc7 35. Rd4 b5 36. f4 Kc6 37. Kf3 Kc5 38. Rd2 Kc4 39. Kg4 Rg8+ 40. Kf5 Kc3 41. Rf2 Kd4 42. Ke6 Ke3 43. Rf1 Rg6+ 44. Ke5 Ke2 45. Rb1 1-0

[Event "FRA"]
[Site "France"]
[Date "1993.??.??"]
[Round "?"]
[White "David, Alberto"]
[Black "Pinter, Jozsef"]
[Result "1-0"]
[WhiteElo "2380"]
[BlackElo "2580"]
[PlyCount "27"]
[EventDate "1993.??.??"]
[Source "www.chesslib.no"]
[SourceDate "2004.05.04"]

1. e4 e5 2. Nc3 Nc6 3. f4 exf4 4. Nf3 g5 5. d4 g4 6. Bc4 gxf3 7. O-O d5 8. exd5 Bg4 9. Qd2 Na5 10. Bb5+ c6 11. Qxf4 Qd7 12. Qe5+ Ne7 13. Ne4 O-O-O 14. Bf4 1-0

[Event "Walsall"]
[Site "Walsall"]
[Date "1992.??.??"]
[Round "5"]
[White "Motwani, Paul"]
[Black "Emms, John M"]
[Result "0-1"]
[WhiteElo "2500"]
[BlackElo "2455"]
[PlyCount "82"]
[EventDate "1992.??.??"]
[Source "ChessBase"]

1. e4 e5 2. Nc3 Nc6 3. f4 exf4 4. Nf3 Be7 5. Bc4 Bh4+ 6. g3 fxg3 7. O-O Nh6 8. d4 d6 9. Bxh6 gxh6 10. Bxf7+ Kxf7 11. Nxh4+ Kg7 12. hxg3 Qg5 13. Qd3 Rg8 14. Nd5 Kh8 15. Kh2 Be6 16. c3 Rae8 17. Rf3 Bxd5 18. exd5 Ne7 19. Raf1 Ng6 20. Nxg6+ hxg6 21. c4 Re7 22. Kg2 Rge8 23. Rf8+ Rxf8 24. Rxf8+ Kg7 25. Rf4 Rf7 26. Rxf7+ Kxf7 27. Qe4 Qf5 28. Qe2 Qf6 29. Qe4 h5 30. b3 Qf5 31. Qe3 g5 32. Qe2 g4 33. Qe3 Qc2+ 34. Qf2+ Qxf2+ 35. Kxf2 Kg6 36. Ke3 Kg5 37. Kf2 h4 38. gxh4+ Kxh4 39. Kg2 b6 40. b4 g3 41. c5 Kg4 0-1

[Event "URS Ch sf"]
[Site "Nikolaev UKR"]
[Date "1981.??.??"]
[Round "?"]
[White "Gufeld, Eduard E"]
[Black "Anikaev, Yuri N"]
[Result "0-1"]
[WhiteElo "2515"]
[BlackElo "2425"]
[PlyCount "68"]
[EventDate "1981.??.??"]
[Source "www.chesslib.no"]
[SourceDate "2004.05.04"]

1. e4 e5 2. Nc3 Nc6 3. f4 exf4 4. d4 Qh4+ 5. Ke2 d6 6. Nf3 Bg4 7. Bxf4 f5 8. Ke3 Qh5 9. h3 g5 10. Bh2 f4+ 11. Kf2 Bxf3 12. gxf3 O-O-O 13. Nd5 Bg7 14. c3 Nce7 15. Bc4 Nxd5 16. Bxd5 Ne7 17. Qb3 Nxd5 18. Qxd5 Qh4+ 19. Ke2 h5 20. Rag1 Bh6 21. Qe6+ Kb8 22. Rg2 Rde8 23. Qd7 Rhf8 24. Rf1 g4 25. hxg4 Re7 26. Qb5 hxg4 27. Kd1 gxf3 28. Rxf3 Rxe4 29. Re2 a6 30. Qd3 Rxe2 31. Qxe2 Qh5 32. Rf2 Qf5 33. Qc2 Qe6 34. Qb3 Qg4+ 0-1

[Event "JUG-chT2"]
[Site "Tivat"]
[Date "1995.??.??"]
[Round "6"]
[White "Marinkovic, Ivan"]
[Black "Notkin, Maksim"]
[Result "1/2-1/2"]
[WhiteElo "2450"]
[BlackElo "2485"]
[PlyCount "101"]
[EventDate "1995.??.??"]
[Source "www.chesslib.no"]
[SourceDate "2004.05.04"]

1. e4 e5 2. Nc3 Nc6 3. g3 h5 4. h3 Bc5 5. Na4 Be7 6. Bg2 h4 7. g4 Nf6 8. Nc3 Bc5 9. d3 Nd4 10. f4 exf4 11. Bxf4 c6 12. Qd2 d5 13. e5 Nh7 14. O-O-O Ne6 15. Bh2 Nhf8 16. Nf3 Ng6 17. d4 Bb4 18. Bf1 a5 19. Qe3 a4 20. Ne2 a3 21. b3 Be7 22. Kb1 b6 23. Nf4 Ngxf4 24. Bxf4 Ba6 25. Bxa6 Rxa6 26. Qe2 Ra7 27. Bc1 g6 28. Rhf1 Kf8 29. Ne1 Kg8 30. c3 Bg5 31. Bxg5 Nxg5 32. Qe3 Ne4 33. Nf3 Kg7 34. Nd2 Qg5 35. Qd3 Nxd2+ 36. Qxd2 Qxd2 37. Rxd2 Re8 38. Kc2 Rc7 39. Kd3 c5 40. Rf3 b5 41. dxc5 Rxc5 42. Rdf2 Rc7 43. Kd4 b4 44. cxb4 Rb8 45. Kxd5 Rxb4 46. Rf6 Rb5+ 47. Kd4 Rb4+ 48. Kd5 Rb5+ 49. Kd4 Rb4+ 50. Kd5 Rb5+ 51. Kd4 1/2-1/2

[Event "Mayors Cup Open"]
[Site "Mumbai IND"]
[Date "2008.05.15"]
[Round "6"]
[White "Sengupta, D."]
[Black "Laxman, R."]
[Result "1/2-1/2"]
[WhiteElo "2446"]
[BlackElo "2488"]
[PlyCount "127"]
[EventDate "2008.05.11"]
[Source "www.chesslib.no"]
[SourceDate "2004.05.04"]

1. e4 e5 2. Nc3 Nc6 3. f4 exf4 4. Nf3 Nge7 5. d4 d5 6. Bxf4 dxe4 7. Nxe4 Nd5 8. Qd2 Bf5 9. Ng3 Bxc2 10. Qxc2 Nxf4 11. O-O-O Bd6 12. d5 Nb4 13. Qe4+ Kf8 14. a3 Nbxd5 15. Bc4 c6 16. Nf5 Qf6 17. Nxd6 Qxd6 18. g3 Nh5 19. Rhe1 Nhf6 20. Qd4 b5 21. Bxd5 Nxd5 22. Ng5 h6 23. Ne4 Qg6 24. h4 Kg8 25. g4 h5 26. Ng5 Rf8 27. Rg1 f6 28. Ne6 Re8 29. Nxg7 Re4 30. gxh5 Rxd4 31. Rxg6 Rxd1+ 32. Kxd1 Kf7 33. Rg3 Rh7 34. Nf5 Rxh5 35. Nd4 Ne7 36. Nf3 Nf5 37. Rh3 Ke6 38. Rh2 c5 39. Kd2 Kd5 40. Kd3 c4+ 41. Kc3 a5 42. Rd2+ Ke4 43. Nd4 Ne3 44. Nc6 Nd5+ 45. Kc2 a4 46. Nd4 Ne3+ 47. Kc3 Nd5+ 48. Kc2 b4 49. axb4 Rxh4 50. Nc6 Rh5 51. Rd4+ Kf3 52. Kb1 Ne3 53. Ka2 Ke2 54. Rd6 Nd5 55. Ka3 c3 56. bxc3 Nxc3 57. Nd4+ Kd3 58. Nb5+ Rd5 59. Rxd5+ Nxd5 60. Kxa4 f5 61. Nd6 f4 62. Nf7 Kc3 63. b5 Kd4 64. Ng5 1/2-1/2

[Event "HUN-ch"]
[Site "Budapest"]
[Date "1995.??.??"]
[Round "5"]
[White "Horvath, Gyula"]
[Black "Petran, Pal"]
[Result "0-1"]
[WhiteElo "2455"]
[BlackElo "2470"]
[PlyCount "112"]
[EventDate "1995.01.??"]
[Source "ChessBase"]

1. e4 e5 2. Nc3 Nc6 3. f4 exf4 4. Nf3 g5 5. d4 g4 6. Bc4 gxf3 7. O-O Nxd4 8. Bxf4 Bg7 9. Be3 Ne6 10. Qxf3 Qf6 11. Qe2 Qg6 12. Rf3 Be5 13. Raf1 Nf6 14. Nd5 Ng4 15. Rxf7 Bxh2+ 16. Kh1 Be5 17. R1f5 Nxe3 18. Qxe3 Rg8 19. Qh3 Qg3 20. Qxg3 Bxg3 21. Rxh7 Kd8 22. Nf6 Rf8 23. Nxd7 Rxf5 24. exf5 Ng5 25. Rg7 Bxd7 26. Rxg5 Be5 27. Rg8+ Be8 28. b3 Ke7 29. Kg1 Rd8 30. Bd3 Bc6 31. Rg6 Rd6 32. Rg8 Rd8 33. Rg6 Bd4+ 34. Kf1 Rh8 35. Re6+ Kd7 36. Be4 Bxe4 37. Rxe4 Bf6 38. Re6 Rh6 39. Ke2 Bg5 40. Re4 Rf6 41. g4 Rd6 42. Kf3 Rd2 43. Rc4 b5 44. Rc3 Kd6 45. Ke4 Re2+ 46. Kf3 Re5 47. a4 bxa4 48. bxa4 Rc5 49. Rxc5 Kxc5 50. Ke4 Kd6 51. Kd4 c5+ 52. Ke4 a6 53. c4 a5 54. f6 Bxf6 55. Kf5 Ke7 56. g5 Bc3 0-1

[Event "Manila (ol)"]
[Site "?"]
[Date "1992.??.??"]
[Round "?"]
[White "Motwani, P."]
[Black "Antunes, A."]
[Result "1-0"]
[WhiteElo "2455"]
[BlackElo "2465"]
[PlyCount "49"]
[EventDate "1992.??.??"]
[Source "ChessBase"]
[SourceDate "1992.06.01"]

1. e4 e5 2. Nc3 Nc6 3. f4 exf4 4. Nf3 g5 5. d4 g4 6. Bc4 gxf3 7. O-O Qg5 8. Rxf3 Nxd4 9. Bxf7+ Kxf7 10. Rxf4+ Nf6 11. Nd5 Ne6 12. Rxf6+ Qxf6 13. Nxf6 Bc5+ 14. Kh1 Kxf6 15. Qh5 h6 16. b4 Bd4 17. c3 Bxc3 18. Qf3+ Kg6 19. Qxc3 Rf8 20. Kg1 d6 21. Qg3+ Kh7 22. Qh4 Rf7 23. Qxh6+ Kg8 24. Bb2 Ng7 25. Rf1 1-0

[Event "Volgograd"]
[Site "Volgograd"]
[Date "1994.??.??"]
[Round "10"]
[White "Stripunsky, Alexander"]
[Black "Tolstikh, Nikolay"]
[Result "1-0"]
[WhiteElo "2510"]
[BlackElo "2410"]
[PlyCount "83"]
[EventDate "1994.??.??"]
[Source "ChessBase"]

1. e4 e5 2. Nc3 Nc6 3. Bc4 Bc5 4. Qg4 g6 5. Qg3 Nf6 6. Nge2 d6 7. d3 Nh5 8. Qf3 Qf6 9. Qxf6 Nxf6 10. Bg5 Nh5 11. Nd5 Bb6 12. Ng3 h6 13. Bd2 Ng7 14. a4 Nd4 15. Kd1 c6 16. Nxb6 axb6 17. c3 Nde6 18. Kc2 Kd8 19. b4 Kc7 20. Ne2 Bd7 21. g3 h5 22. h4 Ra7 23. f4 Rha8 24. Bb3 c5 25. Rhf1 f5 26. Kb2 Bxa4 27. Bxe6 Nxe6 28. exf5 gxf5 29. fxe5 dxe5 30. Rxf5 Kd6 31. Rxh5 Bd7 32. Rxa7 Rxa7 33. Rh8 cxb4 34. cxb4 Nd4 35. Nxd4 exd4 36. Bf4+ Kc6 37. Rh6+ Kb5 38. Rd6 Bc6 39. Rxd4 Ra8 40. h5 Re8 41. h6 Bf3 42. h7 1-0

[Event "Spring Open"]
[Site "Budapest HUN"]
[Date "1989.??.??"]
[Round "?"]
[White "Hector, Jonny"]
[Black "Veingold, Aleksandr"]
[Result "1-0"]
[WhiteElo "2485"]
[BlackElo "2435"]
[PlyCount "105"]
[EventDate "1989.03.??"]
[Source "www.chesslib.no"]
[SourceDate "2004.05.04"]

1. e4 e5 2. Nc3 Nc6 3. f4 exf4 4. Nf3 Be7 5. d4 Bh4+ 6. Ke2 d6 7. Bxf4 Bg4 8. Qd3 Nge7 9. Kd2 Ng6 10. Be3 O-O 11. Nxh4 Qxh4 12. g3 Qd8 13. h3 Be6 14. Qb5 Qf6 15. Ne2 Qf3 16. Rg1 a6 17. Qd3 f5 18. exf5 Qxf5 19. Qxf5 Bxf5 20. c4 Rae8 21. Nc3 Nb4 22. g4 Nh4 23. Be2 Bd3 24. Raf1 Bxe2 25. Rxf8+ Kxf8 26. Kxe2 Nc2 27. Nd5 c6 28. Kd3 Nf3 29. Rg3 Nce1+ 30. Ke2 cxd5 31. cxd5 Kg8 32. Kf2 Rc8 33. Kf1 Rc2 34. Bf2 Rxb2 35. Bxe1 Nh2+ 36. Kg1 Rxa2 37. Re3 b5 38. Bg3 Nxg4 39. hxg4 Rd2 40. Bf2 b4 41. Re8+ Kf7 42. Rb8 a5 43. Rb5 Kg6 44. Rb6 Kf7 45. Rxd6 b3 46. Rd7+ Ke8 47. Rb7 b2 48. d6 g5 49. Be3 Rd1+ 50. Kf2 h6 51. Rxb2 Kd7 52. Ra2 Kxd6 53. Rxa5 1-0

[Event "Memorial V.Ciocaltea"]
[Site "Memorial V.Ciocaltea"]
[Date "1993.??.??"]
[Round "12"]
[White "Tseitlin, Michael S"]
[Black "Marciano, David"]
[Result "0-1"]
[WhiteElo "2485"]
[BlackElo "2430"]
[PlyCount "30"]
[EventDate "1993.??.??"]
[Source "www.chesslib.no"]
[SourceDate "2004.05.04"]

1. e4 e5 2. Nc3 Nc6 3. f4 exf4 4. Nf3 g5 5. d4 g4 6. Bc4 gxf3 7. O-O Nxd4 8. Rf2 Rb8 9. Bxf4 Be7 10. Kh1 d6 11. Be3 Be6 12. Bxd4 fxg2+ 13. Kxg2 Bxc4 14. Bxh8 Bf1+ 15. Qxf1 Qd7 0-1

[Event "Bucharest"]
[Site "Bucharest"]
[Date "1993.??.??"]
[Round "?"]
[White "Tseitlin, Mikhail S"]
[Black "Marciano, David"]
[Result "0-1"]
[WhiteElo "2485"]
[BlackElo "2430"]
[PlyCount "50"]
[EventDate "1993.02.??"]
[Source "ChessBase"]

1. e4 e5 2. Nc3 Nc6 3. f4 exf4 4. Nf3 g5 5. d4 g4 6. Bc4 gxf3 7. O-O Nxd4 8. Bxf4 Bc5 9. Kh1 d6 10. Be3 Be6 11. Bxd4 fxg2+ 12. Kxg2 Bxc4 13. Bxh8 Bxf1+ 14. Qxf1 Qd7 15. Qf4 O-O-O 16. Rf1 Nh6 17. h3 Rxh8 18. Qxh6 Bd4 19. Qh5 Rg8+ 20. Kh2 Qe6 21. Rf3 Be5+ 22. Kh1 Bxc3 23. bxc3 Qxe4 24. Qxf7 Rg3 25. Kh2 Rxf3 0-1

[Event "SUI-chT"]
[Site "SUI"]
[Date "1996.??.??"]
[Round "9"]
[White "Ekstroem, Roland"]
[Black "Miralles, Gilles"]
[Result "1/2-1/2"]
[WhiteElo "2430"]
[BlackElo "2480"]
[PlyCount "88"]
[EventDate "1996.??.??"]
[Source "ChessBase"]

1. e4 e5 2. Nc3 Nc6 3. f4 exf4 4. d4 Qh4+ 5. Ke2 d6 6. Nf3 Bg4 7. Bxf4 Bxf3+ 8. Kxf3 Nge7 9. Bb5 O-O-O 10. Rf1 f5 11. exf5 g5 12. Bg3 Qxd4 13. Qxd4 Nxd4+ 14. Ke4 Ndxf5 15. Rxf5 d5+ 16. Rxd5 Nxd5 17. Nxd5 c6 18. Bc4 cxd5+ 19. Bxd5 Bd6 20. c4 Rhf8 21. Kd4 Bxg3 22. hxg3 Rf2 23. Kc3 Re8 24. Rh1 Re3+ 25. Kd4 Re7 26. Kc3 Re3+ 27. Kd4 Rxg3 28. Rxh7 Rxb2 29. Rh8+ Kc7 30. Rh7+ Kc8 31. Rh8+ Kc7 32. Rh7+ Kd8 33. a4 Ra3 34. Bxb7 Rxa4 35. Bd5 Ra1 36. Rg7 a5 37. Ke5 Re1+ 38. Kd6 Rb6+ 39. Bc6 Rd1+ 40. Kc5 Rb2 41. Rxg5 Ke7 42. Rg7+ Kf6 43. Ra7 Ra1 44. Ra6 Kg5 1/2-1/2

[Event "Tel Aviv-B"]
[Site "Tel Aviv"]
[Date "1992.??.??"]
[Round "10"]
[White "Tseitlin, Mark D"]
[Black "Kosashvili, Yona"]
[Result "1/2-1/2"]
[WhiteElo "2440"]
[BlackElo "2460"]
[PlyCount "32"]
[EventDate "1992.04.??"]
[Source "ChessBase"]

1. e4 e5 2. Nc3 Nc6 3. f4 exf4 4. Nf3 g5 5. d4 d6 6. d5 Ne5 7. Bb5+ Bd7 8. Bxd7+ Nxd7 9. Qd4 Qf6 10. Qxf6 Ngxf6 11. Nxg5 Rg8 12. Bxf4 h6 13. Nf3 Rxg2 14. O-O-O O-O-O 15. Rhg1 Rg6 16. Bg3 Re8 1/2-1/2

[Event "NOR-chT"]
[Site "NOR"]
[Date "1998.??.??"]
[Round "?"]
[White "Djurhuus, Rune"]
[Black "Fyllingen, Roy Harald"]
[Result "1-0"]
[WhiteElo "2510"]
[BlackElo "2390"]
[PlyCount "121"]
[EventDate "1998.??.??"]
[Source "www.chesslib.no"]
[SourceDate "2004.05.04"]

1. e4 e5 2. Nc3 Nc6 3. f4 exf4 4. d4 g5 5. Bc4 h6 6. Nge2 Bg7 7. O-O Nge7 8. g3 Na5 9. Bxf7+ Kxf7 10. gxf4 d5 11. fxg5+ Kg8 12. gxh6 Bxh6 13. Kh1 dxe4 14. Nxe4 Bf5 15. N2g3 Qd5 16. Rxf5 Nxf5 17. Qg4+ Ng7 18. Nh5 Qe6 19. Bxh6 Qxg4 20. Nhf6+ Kf7 21. Nxg4 Kg6 22. Bxg7 Kxg7 23. Ne5 Rh6 24. Rg1+ Kf8 25. Rf1+ Ke7 26. Rf7+ Ke6 27. Rxc7 Kd5 28. Ng3 Kxd4 29. Nf5+ Kxe5 30. Nxh6 Kd6 31. Rf7 Re8 32. Kg2 Nc4 33. b3 Ne3+ 34. Kf3 Kc6 35. Nf5 Nxc2 36. h4 Ne1+ 37. Kf4 Nd3+ 38. Kg5 Ne1 39. Rf6+ Kc5 40. h5 Rg8+ 41. Kf4 Nd3+ 42. Kf3 a5 43. h6 Ne5+ 44. Kf4 Nd3+ 45. Ke3 Ne5 46. Re6 Ng4+ 47. Kd3 b5 48. Kc3 Rc8 49. Ne3 Nf2 50. h7 b4+ 51. Kd2 Rh8 52. Rh6 Kd4 53. Nf5+ Kc5 54. Ne7 Ne4+ 55. Ke3 Nf6 56. Rxf6 Rxh7 57. Rf5+ Kd6 58. Ng6 Ra7 59. Kd4 a4 60. Kc4 axb3 61. axb3 1-0

[Event "Komercni Banka op"]
[Site "Pardubice"]
[Date "1996.??.??"]
[Round "3"]
[White "Miroshnichenko, Evgenij"]
[Black "Gyimesi, Zoltan"]
[Result "0-1"]
[WhiteElo "2420"]
[BlackElo "2480"]
[PlyCount "50"]
[EventDate "1996.07.??"]
[Source "www.chesslib.no"]
[SourceDate "2004.05.04"]

1. e4 e5 2. Nc3 Nc6 3. f4 exf4 4. Nf3 Nf6 5. Bc4 Na5 6. Be2 d5 7. e5 Ne4 8. d3 Nxc3 9. bxc3 Be7 10. Bxf4 c5 11. O-O O-O 12. Qe1 Nc6 13. Qg3 Bf5 14. Rae1 d4 15. c4 Nb4 16. Bd1 Nxa2 17. Bg5 Bg6 18. Bxe7 Qxe7 19. Nh4 Nb4 20. Rf2 a5 21. e6 fxe6 22. Nxg6 hxg6 23. Bg4 Rxf2 24. Bxe6+ Rf7 25. Qxg6 Qf6 0-1

[Event "CRO-Cup"]
[Site "Pula"]
[Date "1997.??.??"]
[Round "?"]
[White "Mohr, Georg"]
[Black "Leventic, Ivan"]
[Result "0-1"]
[WhiteElo "2495"]
[BlackElo "2400"]
[PlyCount "40"]
[EventDate "1997.??.??"]
[Source "ChessBase"]
[SourceDate "1997.08.01"]

1. e4 e5 2. Nc3 Nc6 3. g3 h5 4. Nf3 Bc5 5. Bg2 h4 6. Nxh4 Rxh4 7. gxh4 Qxh4 8. d4 Nxd4 9. Nd5 Nf6 10. Nxf6+ gxf6 11. O-O d6 12. Kh1 Ke7 13. Qd2 Bh3 14. Qd3 Bxg2+ 15. Kxg2 Qg4+ 16. Qg3 Qxe4+ 17. f3 Qh7 18. Kh1 Rg8 19. Qe1 Qh3 20. Qf2 Nf5 0-1